Atomic habits : An easy & proven way to build good habits & break bad ones

Bibliographic Details
Main Author: Clear, James (Author)
Format: Book
Published: London, UK : Penguin Random House 2018
Subjects:

MARC

LEADER 00000cam a2200000 7i4500
001 0000092686
005 20231018091538.0
008
020 |a 9781847941831 (  |q (paperback)) 
040 |e rda 
041 |a English 
090 0 0 |a 155.24   |b CLE 
100 1 |a Clear, James ,   |e (author) 
245 1 0 |a Atomic habits :   |b An easy & proven way to build good habits & break bad ones   |c James Clear 
264 1 |a London, UK :   |b Penguin Random House   |c 2018 
300 |a 306 pages :   |b color illustrations ;   |c 22.5 cm. 
336 |a text  |2 rdacontent 
337 |a unmediated  |2 rdamedia 
338 |a volume  |2 rdacarrier 
541 |c Purchased on 2023   |f 2115-23 ARI   |h RM101.95 
650 0 |a Behavior modification 
650 0 |a Habit 
650 0 |a Habit breaking 
730 0 |a Title 
999 |a 0001738767   |b Book   |c Adult Collection   |e Perbadanan Perpustakaan Awam Johor